000 01511nam0a22003251 4500
001 rc\4585456
005 20130416191913.5
021 _aRU
_b[61-48247]
035 _a(NLR Aleph) 008658691
090 _a9047519
_c9047519
100 _a20130416d1961 |||y0rusy50 ca
101 0 _arus
102 _aRU
105 _aa j |||||
200 1 _aМеталлургия стали. Мартеновский процесс. Конструкции и оборудование мартеновских печей и цехов
_e[Учебник для металлург. вузов СССР]
_fПод ред. проф. д-ра техн. наук Г.Н. Ойкса
210 _aМосква
_cМеталлургиздат
_d1961
215 _a448 с.
_cил.
_d27
300 _aПеред загл. авт.: К.Г. Трубин, Г.Н. Ойкс, М.А. Черненко и др.
320 _aБиблиогр.: с. 442-448
517 0 _aМартеновский процесс
517 0 _aКонструкции и оборудование мартеновских печей и цехов
606 _aМартеновское производство
_jУчебники и пособия
_2psbo
701 1 _aОйкс
_bГ. Н.
_gГригорий Наумович
_4340
701 1 _aТрубин
_bК. Г.
_gКонстантин Георгиевич
701 1 _aЧерненко
_bМ. А.
801 0 _aRU
_bNLR
_gpsbo
801 1 _aRU
_bELAR
_2rusmarc
852 _aNLR
_j61-8/1654
942 _cBOOK
980 _aNB